Classement école de commerce 2023 - Statistiques

Statistiques générales
  • Ce quiz a été pris 171 fois
  • Le résultat moyen est 8 sur 15
Statistiques - réponses
Classement Ecole % Correct
#1 HEC
100%
#2 Essec
87%
#5 Edhec
75%
#4 EM Lyon
70%
#7 Neoma
67%
#9 Kedge
64%
#6 Skema
64%
#3 ESCP
62%
#11 Audencia
49%
#10 Iéseg
47%
#8 Grenoble EM
21%
#14 ICN
19%
#15 EM Strasbourg
18%
#13 Montpellier BS
14%
#12 TBS Education
6%
Aucun quiz correspondant
Distribution des résultats
% des personnes avec chaque résultat
Percentile par nombre de réponses
Votre historique - résultats
Vous n’avez pas pris ce quiz